| 000 | 00629nam a2200205 i 4500 | ||
|---|---|---|---|
| 001 | 42080 | ||
| 003 | ES-MaACL | ||
| 005 | 20250725093848.0 | ||
| 007 | t| | ||
| 008 | 030312s1861 sp ||||1| spa d | ||
| 080 | _a32(460)"1843/68" | ||
| 100 | 1 |
_aCasaval, Zacarías. _936260 |
|
| 245 | 1 | 3 |
_aEl Ministerio y las Cortes / _cpor D. Zacarías Casaval. |
| 260 |
_aMadrid : _b[s.n.], _c1861 ( _fImp. de T. Fortanet) |
||
| 300 |
_a39 p. ; _c26 cm. |
||
| 610 | 1 | 4 |
_aEspaña. _bCortes (1857-1868) _9166834 |
| 651 | 7 |
_aEspaña- _xPolítica y gobierno- _y1843-1868 _2 _9168642 |
|
| 852 | 4 |
_aES-MaACL _jT-75-F-10 |
|
| 999 |
_c42080 _d42080 |
||